000 00206 a2200097 4500
001 46896
100 _aAdshead R
245 _aArmour of the West
260 _aLondon
_bIan Allen
_c
090 _c29978
_d29978
942 _aNUST-CAE
_cM
_c22199
999 _c281969
_d281969